000
00278nam a22001217a 4500
005
20170401155732.0
008
170401b xxu||||| |||| 00| 0 eng d
041
_a
eng
245
_a
A INTRODUCTION TO METALLIFEROUS MINING
300
_a
336
650
_a
MINING
_9
3795
942
_c
BK
999
_c
5399
_d
5397